Chirurgie popálenin /

Hlavní autor: Vrabec, Radko, 1926-2009
Jazyk: Čeština
Vydáno: Praha : Avicenum, 1974
Vydání: 1. vyd.
Fyzický popis: 111 s. ; 8°
Knihy
Uloženo v:
LEADER 00771nam a22002652a 4500
001 001249293
003 CZ BrMZK
005 20120917082753.0
007 ta
008 120917s1974 xr er|||||||||||cze d
015 |a cnb000463851 
035 |a (OCoLC)14418611 
040 |a ABA001  |b cze  |d ABA001  |d BOA001 
080 9 |a 616-001.17-089 
100 1 |a Vrabec, Radko,  |d 1926-2009  |7 jk01150874  |4 aut 
245 1 0 |a Chirurgie popálenin /  |c Radko Vrabec 
250 |a 1. vyd. 
260 |a Praha :  |b Avicenum,  |c 1974 
300 |a 111 s. ;  |c 8° 
500 |a 2000 výt. 
504 |a Obsahuje bibliografie 
910 |a BOA001  |b 2-0728.440 
990 |a BK 
991 |b 201209 
996 7 |b 2619647733  |c 2-0728.440  |l Sklad H1  |r Sklad / do 24 hodin  |n 0  |h HS212  |w 001283365  |u 000010  |a 1  |e BOA001  |j MZK50  |s A